00835cam a22002537a 4500999001500000001000600015003000900021005001700030008004100047020001500088020001500103040005700118082001600175100001800191245006000209250001200269260004700281300004600328504005300374650000900427700001900436942001200455952011400467 c2282d228212362BD-DhUAP20200222160141.0200222s2005 enka bf 001 0 eng  a1856694488 a1856694518 aUKMcUKMdOHXdAZSdSYBdOCLCQdBAKERdBD-DhUAPbEng04a709 HON223 aHonour, Hugh.00aA world history of art /cHugh Honour and John Fleming. a7th ed. aLondon :bLaurece King Publishing,cc2005. axii, 936 pages :billustrations ;c31 cm. aIncludes bibliographical references and indexes. aArt. aFleming, John. 2ddccBK 00102ddc4070aUAPCLbUAPCLcGeneral Stacksd2020-02-22o709 HONp3010012362r2020-02-22t1w2020-02-22yBK